[Event "Olomouc 2010 - GM1 Valoz Cup"]
[Site "Olomouc (CZE), Hotel Sigma"]
[Date "2010.08.05"]
[Round "2"]
[White "Sharma, Dinesh K"]
[Black "Kanovsky, David"]
[Result "0-1"]
[WhiteElo "2365"]
[BlackElo "2492"]
[PlyCount "74"]
[EventDate "2010.08.04"]

1. e4 c5 2. Nf3 d6 3. d4 cxd4 4. Nxd4 Nf6 5. Nc3 g6 6. Be3 Bg7 7. f3 O-O 8. Qd2
Nc6 9. Bc4 Bd7 10. O-O-O Rb8 11. Bb3 Na5 12. Kb1 b5 13. h4 Nc4 14. Bxc4 bxc4
15. Ka1 h5 16. g4 Qb6 17. Rb1 Qa5 18. gxh5 Nxh5 19. Rhg1 Rfc8 20. Rg5 Rc5 21.
Rxc5 dxc5 22. Nde2 Bc6 23. Qe1 Ba4 24. Nxa4 Qxa4 25. c3 Rb5 26. Rd1 Ra5 27. Nc1
Be5 28. Rd8+ Kh7 29. Rd5 Nf4 30. Rxc5 Ra6 31. Bxf4 Bxf4 32. a3 Bd6 33. Rd5 Bxa3
34. bxa3 Qxa3+ 35. Kb1 Rb6+ 36. Kc2 Rb2+ 37. Kd1 Qa4+ 0-1

[Event "Olomouc 2010 - GM1 Valoz Cup"]
[Site "Olomouc (CZE), Hotel Sigma"]
[Date "2010.08.05"]
[Round "2"]
[White "Voloshin, Leonid"]
[Black "Tuvshintugs, Batchimeg"]
[Result "1-0"]
[WhiteElo "2453"]
[BlackElo "2321"]
[PlyCount "125"]
[EventDate "2010.08.04"]

1. d4 Nf6 2. Nf3 e6 3. c4 Bb4+ 4. Bd2 Qe7 5. g3 Nc6 6. Bg2 Bxd2+ 7. Nbxd2 d6 8.
O-O a5 9. e4 e5 10. d5 Nb8 11. Ne1 O-O 12. Nd3 Na6 13. Qc2 Nd7 14. a3 Ndc5 15.
Nxc5 Nxc5 16. b4 Na6 17. Qc3 Bd7 18. Nb3 axb4 19. axb4 c6 20. dxc6 bxc6 21. Ra4
Nc7 22. Rfa1 Rxa4 23. Rxa4 Ra8 24. Rxa8+ Nxa8 25. Qa1 Nc7 26. Qa7 Be8 27. Na5
Kf8 28. Qb8 Qd7 29. Bf1 Na6 30. Qb6 Nc7 31. h4 Ne6 32. Bh3 Qc7 33. Qxc7 Nxc7
34. Bc8 Na8 35. Bb7 Nb6 36. Kf1 Bd7 37. Ke2 c5 38. bxc5 dxc5 39. Ba6 Ke7 40.
Kd3 Bh3 41. Nb7 Na4 42. Na5 Bd7 43. Bb5 Bxb5 44. cxb5 Kd7 45. Nc4 f6 46. f4 Kc7
47. fxe5 fxe5 48. h5 Kb7 49. Kc2 Nb6 50. Nxe5 Nc8 51. Nd7 Nd6 52. Kd3 c4+ 53.
Kd4 c3 54. Nc5+ Kc7 55. Kxc3 Nxb5+ 56. Kc4 Nd6+ 57. Kd5 Ne8 58. Ke6 h6 59. e5
Kc6 60. Nd3 Nc7+ 61. Kf7 Kd5 62. e6 Nxe6 63. Nf4+ 1-0

[Event "Olomouc 2010 - GM1 Valoz Cup"]
[Site "Olomouc (CZE), Hotel Sigma"]
[Date "2010.08.05"]
[Round "2"]
[White "Vovk, Yuri"]
[Black "Dobrowolski, Piotr"]
[Result "1-0"]
[WhiteElo "2561"]
[BlackElo "2397"]
[PlyCount "71"]
[EventDate "2010.08.04"]

1. d4 Nf6 2. c4 e6 3. Nf3 c5 4. d5 exd5 5. cxd5 d6 6. Nc3 g6 7. Bf4 a6 8. e4 b5
9. Qe2 Nh5 10. Bg5 Be7 11. Bh6 Bf8 12. Qe3 Bxh6 13. Qxh6 Nd7 14. Be2 Qe7 15.
Nd2 Nhf6 16. O-O Qf8 17. Qe3 Qe7 18. Rae1 O-O 19. f4 Re8 20. Bf3 Qf8 21. Qf2
Qh6 22. e5 dxe5 23. d6 Rb8 24. fxe5 Rxe5 25. Rxe5 Nxe5 26. Qxc5 Nd3 27. Qa7
Qxd2 28. Nd5 Qxb2 29. Be4 Bf5 30. Bxf5 gxf5 31. Ne7+ Kg7 32. Nxf5+ Kg6 33. Qe3
Ng4 34. Qxd3 Qb4 35. h3 Nh6 36. Qg3+ 1-0

[Event "Olomouc 2010 - GM1 Valoz Cup"]
[Site "Olomouc (CZE), Hotel Sigma"]
[Date "2010.08.06"]
[Round "3"]
[White "Dobrowolski, Piotr"]
[Black "Rojicek, Vojtech"]
[Result "1-0"]
[WhiteElo "2397"]
[BlackElo "2423"]
[PlyCount "61"]
[EventDate "2010.08.04"]

1. e4 c5 2. Nf3 Nc6 3. d4 cxd4 4. Nxd4 e5 5. Nb5 d6 6. N1c3 a6 7. Na3 Be7 8.
Nd5 Nf6 9. Be3 Nxd5 10. exd5 Nd4 11. Bxd4 exd4 12. Qxd4 O-O 13. O-O-O Bf6 14.
Qd2 b5 15. Kb1 Bb7 16. g4 g6 17. h4 Bg7 18. g5 Rc8 19. c3 Rc5 20. Bg2 a5 21.
Nc2 Qb6 22. Ne3 Rfc8 23. Rc1 Ba6 24. Bf1 b4 25. c4 R5c7 26. h5 Qd4 27. Qxd4
Bxd4 28. hxg6 hxg6 29. Ng4 Re8 30. Rd1 Re4 31. Rxd4 1-0

[Event "Olomouc 2010 - GM1 Valoz Cup"]
[Site "Olomouc (CZE), Hotel Sigma"]
[Date "2010.08.06"]
[Round "3"]
[White "Kanovsky, David"]
[Black "Baron, Tal"]
[Result "1-0"]
[WhiteElo "2492"]
[BlackElo "2438"]
[PlyCount "67"]
[EventDate "2010.08.04"]

1. e4 c5 2. Nf3 Nc6 3. d4 cxd4 4. Nxd4 Nf6 5. Nc3 e5 6. Ndb5 d6 7. Nd5 Nxd5 8.
exd5 Nb8 9. a4 Be7 10. Be2 O-O 11. O-O Nd7 12. Kh1 a6 13. Na3 b6 14. a5 Bb7 15.
axb6 Nxb6 16. c4 f5 17. f4 Bf6 18. Rb1 Kh8 19. Be3 exf4 20. Bxf4 Qd7 21. Qb3
Bd4 22. Qg3 Rae8 23. Bd3 Be5 24. Rbe1 Bxf4 25. Qxf4 Bc8 26. Qd4 Na4 27. b4 a5
28. bxa5 Rxe1 29. Rxe1 Qc7 30. Nb5 Qxa5 31. Re7 Rg8 32. Nxd6 h6 33. Nf7+ Kh7
34. Qf4 1-0

[Event "Olomouc 2010 - GM1 Valoz Cup"]
[Site "Olomouc (CZE), Hotel Sigma"]
[Date "2010.08.06"]
[Round "3"]
[White "Tuvshintugs, Batchimeg"]
[Black "Sharma, Dinesh K"]
[Result "1-0"]
[WhiteElo "2321"]
[BlackElo "2365"]
[PlyCount "157"]
[EventDate "2010.08.04"]

1. d4 d5 2. Nf3 c6 3. c4 e6 4. Nc3 f5 5. g3 Nf6 6. Bg2 Bd6 7. O-O O-O 8. Qd3 b6
9. Ng5 h6 10. Nh3 g5 11. f3 Ba6 12. b3 Nbd7 13. Nf2 c5 14. Nb5 Bxb5 15. cxb5
cxd4 16. Bb2 Qe8 17. Bxd4 Nc5 18. Qc3 e5 19. Bxc5 Bxc5 20. Rad1 Rc8 21. Qb2 e4
22. b4 Bd6 23. Bh3 Be5 24. Qb1 Qg6 25. fxe4 dxe4 26. Qb3+ Kg7 27. Qe6 Rfe8 28.
Qxf5 Qxf5 29. Bxf5 Rc4 30. a3 Bb2 31. Ng4 Nxg4 32. Rd7+ Kg8 33. Bxg4 Rc3 34. a4
Rc1 35. Rxc1 Bxc1 36. Rxa7 Bd2 37. a5 bxa5 38. Rxa5 Bxb4 39. Ra4 Bc5+ 40. Kg2
Kg7 41. Bf5 Rb8 42. Bd7 Rd8 43. Rc4 Bb6 44. Rc6 Rxd7 45. Rxb6 Rf7 46. Re6 Rf5
47. b6 Rb5 48. g4 Rb3 49. Kf2 Kh7 50. Re7+ Kg6 51. Rb7 h5 52. gxh5+ Kxh5 53.
Rb8 Kg6 54. b7 Kg7 55. Ke1 e3 56. Kd1 Kh7 57. Kc2 Rb5 58. Kc3 Kg7 59. Kc4 Rb6
60. Kd3 Rb3+ 61. Ke4 Kh7 62. Kf5 Rb5+ 63. Kf6 g4 64. Ke6 Kg7 65. Kd6 Rb2 66.
Kc5 Kh7 67. Kd4 Rb3 68. Ke4 g3 69. hxg3 Kg7 70. g4 Kh7 71. g5 Rb4+ 72. Kxe3 Kg6
73. Rg8+ Kh7 74. b8=Q Rb3+ 75. Ke4 Re3+ 76. Kf5 Rf3+ 77. Qf4 Rxf4+ 78. Kxf4
Kxg8 79. Kf3 1-0

[Event "Olomouc 2010 - GM1 Valoz Cup"]
[Site "Olomouc (CZE), Hotel Sigma"]
[Date "2010.08.07"]
[Round "4"]
[White "Akesson, Ralf"]
[Black "Kanovsky, David"]
[Result "0-1"]
[WhiteElo "2470"]
[BlackElo "2492"]
[PlyCount "120"]
[EventDate "2010.08.04"]

1. d4 Nf6 2. c4 g6 3. Nc3 Bg7 4. e4 d6 5. f3 O-O 6. Be3 c5 7. Nge2 cxd4 8. Nxd4
Nc6 9. Qd2 Nxd4 10. Bxd4 Be6 11. Be2 Qa5 12. Nb5 Qxd2+ 13. Kxd2 a6 14. Nc7 Rac8
15. Nxe6 fxe6 16. Bc3 d5 17. b3 dxe4 18. Rad1 Rfd8+ 19. Kc1 Nd5 20. Bxg7 Kxg7
21. fxe4 Nc3 22. Rd2 Rxd2 23. Kxd2 Nxa2 24. e5 b6 25. Bf3 a5 26. Ke3 a4 27. Rb1
Nb4 28. bxa4 Rxc4 29. Kd2 Nd5 30. Ra1 Rd4+ 31. Ke1 g5 32. h3 Kg6 33. a5 bxa5
34. Rxa5 h5 35. Ra6 Nf4 36. g3 Nd3+ 37. Ke2 g4 38. hxg4 hxg4 39. Bxg4 Nc5 40.
Rc6 Re4+ 41. Kf3 Rxe5 42. Rb6 Kf6 43. Rb5 Rd5 44. Rb8 Rd3+ 45. Kg2 Rd2+ 46. Kf3
Nd7 47. Rb4 Ne5+ 48. Kf4 Rd3 49. Bh5 Ra3 50. Be2 Nf7 51. Rb6 Nd6 52. Ra6 Rb3
53. Ra8 Rb4+ 54. Ke3 Nf5+ 55. Kf2 Rb2 56. Ra4 e5 57. Ra6+ e6 58. Ke1 Nd4 59.
Bd3 e4 60. Bc4 e3 0-1

[Event "Olomouc 2010 - GM1 Valoz Cup"]
[Site "Olomouc (CZE), Hotel Sigma"]
[Date "2010.08.07"]
[Round "4"]
[White "Sharma, Dinesh K"]
[Black "Plat, Vojtech"]
[Result "0-1"]
[WhiteElo "2365"]
[BlackElo "2405"]
[PlyCount "38"]
[EventDate "2010.08.04"]

1. e4 c5 2. Nf3 Nc6 3. d4 cxd4 4. Nxd4 g6 5. c4 Bg7 6. Be3 Qb6 7. Nb3 Qc7 8.
Nc3 Bxc3+ 9. bxc3 Nf6 10. f3 d6 11. c5 d5 12. exd5 Qe5 13. Kf2 Nxd5 14. Bd4
Nxc3 15. Bxe5 Nxd1+ 16. Rxd1 Nxe5 17. Bb5+ Bd7 18. Rxd7 Nxd7 19. Rd1 O-O-O 0-1

[Event "Olomouc 2010 - GM1 Valoz Cup"]
[Site "Olomouc (CZE), Hotel Sigma"]
[Date "2010.08.07"]
[Round "4"]
[White "Vovk, Yuri"]
[Black "Rojicek, Vojtech"]
[Result "1-0"]
[WhiteElo "2561"]
[BlackElo "2423"]
[PlyCount "70"]
[EventDate "2010.08.04"]

1. e4 c5 2. Nf3 Nc6 3. d4 cxd4 4. Nxd4 e5 5. Nb5 d6 6. N1c3 a6 7. Na3 Be7 8.
Nc4 b5 9. Ne3 Nf6 10. g3 O-O 11. Bg2 b4 12. Ncd5 Nxd5 13. Nxd5 Bg5 14. Bxg5
Qxg5 15. a3 bxa3 16. Rxa3 Rb8 17. b3 Nd4 18. Ne3 Bb7 19. O-O Rbc8 20. Nc4 Rfd8
21. Ra5 Qe7 22. c3 Ne6 23. Ra2 Nc5 24. Rd2 Rc7 25. Re1 Qe6 26. Na5 Ba8 27. Rf1
g6 28. b4 Nb7 29. Qa1 Rdc8 30. h4 Nxa5 31. Qxa5 Bb7 32. Kh2 Qb3 33. Bh3 f5 34.
Rxd6 Qc2 35. Kg1 Qb1 1-0

[Event "Olomouc 2010 - GM1 Valoz Cup"]
[Site "Olomouc (CZE), Hotel Sigma"]
[Date "2010.08.08"]
[Round "5"]
[White "Dobrowolski, Piotr"]
[Black "Sharma, Dinesh K"]
[Result "1/2-1/2"]
[WhiteElo "2397"]
[BlackElo "2365"]
[PlyCount "85"]
[EventDate "2010.08.04"]

1. e4 e5 2. Nf3 Nc6 3. Bb5 a6 4. Bxc6 dxc6 5. O-O Bd6 6. d4 exd4 7. Qxd4 f6 8.
Be3 Be6 9. Nbd2 Ne7 10. Rad1 Ng6 11. Nc4 Bxh2+ 12. Kxh2 Qxd4 13. Rxd4 c5 14.
Rd5 Bxd5 15. exd5 O-O-O 16. Rd1 Ne7 17. Bxc5 Rxd5 18. Rxd5 Nxd5 19. Ne3 Rd8 20.
Nf5 Rd7 21. Kg3 g6 22. c4 Nb6 23. Ne3 Rf7 24. Bxb6 cxb6 25. Nd5 Kd7 26. Nxb6+
Kc6 27. Nd5 Kc5 28. Ne3 b5 29. cxb5 axb5 30. a3 Rd7 31. Kf4 b4 32. axb4+ Kxb4
33. Ke4 Kb3 34. Nd5 f5+ 35. Ke5 Kxb2 36. Ke6 Ra7 37. Ng5 Kc1 38. Ne7 Kd1 39.
Nxh7 Ke2 40. f4 Ke3 41. Nd5+ Kf2 42. Nf8 Ra6+ 43. Ke5 1/2-1/2

[Event "Olomouc 2010 - GM1 Valoz Cup"]
[Site "Olomouc (CZE), Hotel Sigma"]
[Date "2010.08.08"]
[Round "5"]
[White "Kanovsky, David"]
[Black "Vovk, Yuri"]
[Result "1-0"]
[WhiteElo "2492"]
[BlackElo "2561"]
[PlyCount "73"]
[EventDate "2010.08.04"]

1. e4 e5 2. Nf3 Nc6 3. Bc4 Nf6 4. d4 exd4 5. O-O Bc5 6. e5 d5 7. Bb5 Ne4 8.
Nxd4 O-O 9. Bxc6 bxc6 10. Be3 Bxd4 11. Qxd4 c5 12. Qa4 d4 13. Nd2 Qd5 14. Rfe1
Bb7 15. f3 dxe3 16. Nxe4 Qxe5 17. Rxe3 f5 18. Qb3+ Bd5 19. Nxc5 Qd6 20. Qc3 f4
21. Re5 Rae8 22. Rae1 Rxe5 23. Rxe5 h6 24. b3 c6 25. Qd4 Qg6 26. Ne4 Bxe4 27.
Qxe4 Qf6 28. h3 Rd8 29. Kh2 Qh4 30. Qg6 Rf8 31. a4 Rd8 32. a5 Rf8 33. Qg4 Qf2
34. Re7 Qd4 35. Qg6 a6 36. Qxc6 Rf6 37. Qa8+ 1-0

[Event "Olomouc 2010 - GM1 Valoz Cup"]
[Site "Olomouc (CZE), Hotel Sigma"]
[Date "2010.08.08"]
[Round "5"]
[White "Plat, Vojtech"]
[Black "Baron, Tal"]
[Result "0-1"]
[WhiteElo "2405"]
[BlackElo "2438"]
[PlyCount "56"]
[EventDate "2010.08.04"]

1. e4 c5 2. Nf3 Nc6 3. Bb5 g6 4. Bxc6 bxc6 5. Nc3 Bg7 6. O-O d6 7. d3 Rb8 8.
Re1 e5 9. Nd2 Ne7 10. Nc4 O-O 11. f4 f6 12. fxe5 fxe5 13. Rf1 Rxf1+ 14. Qxf1
Be6 15. Nd2 Qb6 16. Nf3 Rf8 17. b3 c4+ 18. Kh1 cxd3 19. Qxd3 d5 20. Ba3 Re8 21.
Ng5 Bc8 22. Bxe7 Rxe7 23. exd5 e4 24. Ngxe4 Bf5 25. Qc4 Bxe4 26. dxc6+ Kh8 27.
Rd1 Bxc6 28. h3 Re8 0-1

[Event "Olomouc 2010 - GM1 Valoz Cup"]
[Site "Olomouc (CZE), Hotel Sigma"]
[Date "2010.08.09"]
[Round "6"]
[White "Baron, Tal"]
[Black "Dobrowolski, Piotr"]
[Result "1/2-1/2"]
[WhiteElo "2438"]
[BlackElo "2397"]
[PlyCount "66"]
[EventDate "2010.08.04"]

1. e4 c5 2. Nf3 d6 3. d4 cxd4 4. Nxd4 Nf6 5. Nc3 Nc6 6. Bg5 Qb6 7. Nb3 e6 8.
Bxf6 gxf6 9. Qd2 Bd7 10. O-O-O O-O-O 11. f4 Be7 12. Be2 h5 13. Rhf1 Rdg8 14.
Bf3 Na5 15. Nxa5 Qxa5 16. Kb1 Kb8 17. Rfe1 Rc8 18. Re3 Rc7 19. Rd3 Bc6 20. Qe2
f5 21. exf5 Qxf5 22. Bxc6 Rxc6 23. Nd5 exd5 24. Qxe7 Rhc8 25. a3 Qxf4 26. c3
Qxh2 27. Qxf7 Qxg2 28. Qxh5 Rb6 29. R1d2 Qe4 30. Qxd5 Qxd5 31. Rxd5 Rxc3 32.
Rxd6 Rxd6 33. Rxd6 Rc8 1/2-1/2

[Event "Olomouc 2010 - GM1 Valoz Cup"]
[Site "Olomouc (CZE), Hotel Sigma"]
[Date "2010.08.09"]
[Round "6"]
[White "Kanovsky, David"]
[Black "Tuvshintugs, Batchimeg"]
[Result "1/2-1/2"]
[WhiteElo "2492"]
[BlackElo "2321"]
[PlyCount "129"]
[EventDate "2010.08.04"]

1. e4 e5 2. Nf3 Nc6 3. d4 exd4 4. Nxd4 Nf6 5. Nxc6 bxc6 6. e5 Qe7 7. Qe2 Nd5 8.
c4 Nb6 9. Nc3 a5 10. Qe4 g6 11. Bd3 Bg7 12. Bf4 Ba6 13. O-O O-O 14. Rfe1 Qb4
15. a3 Qc5 16. Qf3 Bxc4 17. Be3 Qe7 18. Bxb6 Bxd3 19. Bxc7 Bf5 20. Bd6 Qe6 21.
Bxf8 Rxf8 22. h3 h5 23. Qg3 Rb8 24. Re2 Rb3 25. Rae1 Qc4 26. Qg5 Rb8 27. Ne4
Qd4 28. Nf6+ Bxf6 29. exf6 Be6 30. Rd2 Rb5 31. Qxb5 Qxd2 32. Qb8+ Kh7 33. Re3
Qd1+ 34. Kh2 Qd4 35. Rf3 Bf5 36. Rf4 Qc5 37. b4 axb4 38. axb4 Qc1 39. Qe5 Be6
40. Kg3 Qa3+ 41. Kh2 Qc1 42. Rh4 Qd1 43. f3 Qd2 44. Rd4 Qc1 45. Qd6 Qg5 46. h4
Qxf6 47. Rf4 Qc3 48. Rd4 Qe1 49. Qf4 Qc3 50. Re4 Qb2 51. Re5 Kg7 52. Re4 Kh7
53. Kg3 Qc3 54. Qd6 Qb2 55. Rd4 Qc3 56. Qe5 Qa1 57. Qf6 Qc3 58. Kf4 c5 59. bxc5
Qxc5 60. Rxd7 Bxd7 61. Qxf7+ Kh6 62. Qxd7 Qb4+ 63. Kg3 Qe1+ 64. Kh3 Qh1+ 65.
Kg3 1/2-1/2

[Event "Olomouc 2010 - GM1 Valoz Cup"]
[Site "Olomouc (CZE), Hotel Sigma"]
[Date "2010.08.09"]
[Round "6"]
[White "Sharma, Dinesh K"]
[Black "Rojicek, Vojtech"]
[Result "1-0"]
[WhiteElo "2365"]
[BlackElo "2423"]
[PlyCount "61"]
[EventDate "2010.08.04"]

1. e4 c5 2. Nf3 e6 3. d4 cxd4 4. Nxd4 a6 5. Bd3 Bc5 6. Nb3 Ba7 7. Qe2 d6 8. Be3
Nc6 9. N1d2 Nf6 10. c3 O-O 11. Bxa7 Rxa7 12. a4 e5 13. O-O Ra8 14. Rfd1 Bg4 15.
f3 Be6 16. Bc4 Qc7 17. Qd3 d5 18. Bxd5 Bxd5 19. exd5 Rad8 20. c4 e4 21. fxe4
Ne5 22. Qg3 Nh5 23. Qh4 g6 24. c5 Nd3 25. Nf3 Nxb2 26. Rd4 b5 27. axb5 axb5 28.
d6 Qc6 29. Rd5 Nc4 30. Nfd4 Qe8 31. Rxh5 1-0

[Event "Olomouc 2010 - GM1 Valoz Cup"]
[Site "Olomouc (CZE), Hotel Sigma"]
[Date "2010.08.09"]
[Round "6"]
[White "Vovk, Yuri"]
[Black "Voloshin, Leonid"]
[Result "1/2-1/2"]
[WhiteElo "2561"]
[BlackElo "2453"]
[PlyCount "173"]
[EventDate "2010.08.04"]

1. e4 e5 2. Nf3 Nc6 3. Bb5 a6 4. Ba4 Nf6 5. O-O Be7 6. Re1 b5 7. Bb3 d6 8. c3
O-O 9. h3 Na5 10. Bc2 c5 11. d4 Qc7 12. Nbd2 Bd7 13. Nf1 Nc4 14. b3 Nb6 15. Ne3
Rfe8 16. Bb2 c4 17. Ba3 cxb3 18. Bxb3 Rac8 19. Ng5 Nc4 20. Bxc4 bxc4 21. dxe5
dxe5 22. Bxe7 Rxe7 23. Rb1 Bc6 24. Ng4 Rd7 25. Qf3 h6 26. Nxf6+ gxf6 27. Qxf6
hxg5 28. Qxg5+ Kf8 29. Rb4 Ba8 30. Qf6 Rd3 31. Rb6 Bc6 32. Rxa6 Kg8 33. h4 Qd6
34. Qf5 Qe6 35. Qg5+ Kh7 36. Rb1 Rxc3 37. Rb5 Qg6 38. Qxe5 Rc1+ 39. Kh2 Qxe4
40. Qh5+ Kg7 41. Qg5+ Kh7 42. Rf5 Qxg2+ 43. Qxg2 Bxg2 44. Kxg2 Rc7 45. Rb5 Kg7
46. Rg5+ Kh7 47. Raa5 c3 48. Rh5+ Kg7 49. Rag5+ Kf6 50. Rc5 Rxc5 51. Rxc5 Kg7
52. Kf3 Ra1 53. Rxc3 Rxa2 54. Kg3 Ra4 55. Rc5 Ra1 56. Rg5+ Kh6 57. Kg4 Rh1 58.
f4 Ra1 59. Kf5 Ra6 60. Rg8 Kh7 61. Rb8 Kg7 62. h5 Ra5+ 63. Kg4 Ra1 64. Rb3 Ra5
65. Rb6 Ra1 66. h6+ Kh7 67. Rf6 Rb1 68. Kg5 Rg1+ 69. Kf5 Kg8 70. Rd6 Kh7 71.
Rd7 Kxh6 72. Rxf7 Ra1 73. Re7 Rf1 74. Rd7 Rf2 75. Rf7 Ra2 76. Re7 Rf2 77. Ke5
Kg6 78. Re6+ Kf7 79. Rd6 Re2+ 80. Kf5 Rb2 81. Rf6+ Kg7 82. Rd6 Kf7 83. Rd7+ Ke8
84. Rh7 Rb6 85. Kg5 Kf8 86. Rh6 Rxh6 87. Kxh6 1/2-1/2

[Event "Olomouc 2010 - GM1 Valoz Cup"]
[Site "Olomouc (CZE), Hotel Sigma"]
[Date "2010.08.10"]
[Round "7"]
[White "Dobrowolski, Piotr"]
[Black "Akesson, Ralf"]
[Result "1/2-1/2"]
[WhiteElo "2397"]
[BlackElo "2470"]
[PlyCount "83"]
[EventDate "2010.08.04"]

1. e4 c6 2. d4 d5 3. Nc3 dxe4 4. Nxe4 Nd7 5. Ng5 Ngf6 6. Bd3 e6 7. N1f3 Bd6 8.
Qe2 h6 9. Ne4 Nxe4 10. Qxe4 Nf6 11. Qe2 b6 12. Bd2 Bb7 13. O-O-O Qc7 14. Ne5
O-O-O 15. f4 c5 16. dxc5 Bxc5 17. Rhe1 Kb8 18. c4 Bd4 19. Nf3 Bxf3 20. Qxf3 Rd6
21. Bb4 Rd7 22. Bf1 Rhd8 23. g3 a5 24. Bc3 Bxc3 25. Qxc3 Qc5 26. Rxd7 Rxd7 27.
Qe5+ Ka7 28. Qxc5 bxc5 29. Re5 Kb6 30. Re3 Ka6 31. Be2 Rd6 32. Kc2 Rd4 33. b3
Kb6 34. Rd3 Rxd3 35. Kxd3 Kc6 36. a3 Kd6 37. Bf3 g5 38. Kc3 gxf4 39. gxf4 Nd7
40. b4 axb4+ 41. axb4 cxb4+ 42. Kxb4 1/2-1/2

[Event "Olomouc 2010 - GM1 Valoz Cup"]
[Site "Olomouc (CZE), Hotel Sigma"]
[Date "2010.08.10"]
[Round "7"]
[White "Plat, Vojtech"]
[Black "Kanovsky, David"]
[Result "1/2-1/2"]
[WhiteElo "2405"]
[BlackElo "2492"]
[PlyCount "25"]
[EventDate "2010.08.04"]

1. e4 e6 2. d4 d5 3. Nd2 c5 4. exd5 exd5 5. Bb5+ Bd7 6. Qe2+ Be7 7. dxc5 Nf6 8.
Ngf3 O-O 9. O-O Re8 10. Nb3 a6 11. Bxd7 Nbxd7 12. Qd3 Qc7 13. Bg5 1/2-1/2

[Event "Olomouc 2010 - GM1 Valoz Cup"]
[Site "Olomouc (CZE), Hotel Sigma"]
[Date "2010.08.10"]
[Round "7"]
[White "Rojicek, Vojtech"]
[Black "Baron, Tal"]
[Result "0-1"]
[WhiteElo "2423"]
[BlackElo "2438"]
[PlyCount "118"]
[EventDate "2010.08.04"]

1. d4 d5 2. c4 c6 3. Nf3 Nf6 4. Nc3 a6 5. a4 e6 6. g3 dxc4 7. Bg2 c5 8. dxc5
Qxd1+ 9. Nxd1 Bd7 10. Ne5 Nc6 11. Nxc4 Bxc5 12. Be3 Bb4+ 13. Nc3 Nd5 14. Bxd5
exd5 15. Nb6 Bxc3+ 16. bxc3 Rd8 17. Nxd5 Bf5 18. Nb6 Ke7 19. O-O f6 20. a5 Kf7
21. Rfe1 Rhe8 22. Bf4 Re7 23. Nc4 g5 24. Nd6+ Kg6 25. Nxf5 Kxf5 26. Be3 Re5 27.
Reb1 Rd7 28. Rb6 Nxa5 29. Bd4 Nc4 30. Rb4 Ra5 31. Rab1 b5 32. f3 Ra2 33. Re1
Na3 34. Rb3 Nc2 35. e4+ Ke6 36. Rd1 Ne3 37. Re1 Nc4 38. Rb4 Rb7 39. Kh1 Na3 40.
Rb3 Rd7 41. Rg1 Nc2 42. Rd1 Ra4 43. Rb2 Nxd4 44. cxd4 Raxd4 45. Rxd4 Rxd4 46.
Kg2 Kd7 47. Kf2 Kc6 48. Ke3 Rd8 49. f4 gxf4+ 50. gxf4 a5 51. e5 fxe5 52. fxe5
b4 53. Rc2+ Kb6 54. Rb2 Kb5 55. Rc2 b3 56. Rc7 Kb6 57. Rc3 a4 58. Rc4 Ka5 59.
Rd4 Rxd4 0-1

[Event "Olomouc 2010 - GM1 Valoz Cup"]
[Site "Olomouc (CZE), Hotel Sigma"]
[Date "2010.08.10"]
[Round "7"]
[White "Voloshin, Leonid"]
[Black "Sharma, Dinesh K"]
[Result "1/2-1/2"]
[WhiteElo "2453"]
[BlackElo "2365"]
[PlyCount "39"]
[EventDate "2010.08.04"]

1. d4 d5 2. c4 c6 3. Nf3 Nf6 4. e3 Bf5 5. Nc3 e6 6. Nh4 Bg6 7. Qb3 Qc7 8. Nxg6
hxg6 9. g3 Nbd7 10. Bd2 Be7 11. Rc1 Nb6 12. c5 Nbd7 13. Qc2 e5 14. b4 O-O 15.
Bg2 Rfe8 16. O-O Nf8 17. f4 exd4 18. exd4 Qd7 19. h3 Ne4 20. g4 1/2-1/2

[Event "Olomouc 2010 - GM1 Valoz Cup"]
[Site "Olomouc (CZE), Hotel Sigma"]
[Date "2010.08.11"]
[Round "8"]
[White "Baron, Tal"]
[Black "Voloshin, Leonid"]
[Result "1-0"]
[WhiteElo "2438"]
[BlackElo "2453"]
[PlyCount "121"]
[EventDate "2010.08.04"]

1. e4 e5 2. Nf3 Nc6 3. Bb5 Nf6 4. O-O Nxe4 5. d4 Nd6 6. Bxc6 dxc6 7. dxe5 Nf5
8. Qxd8+ Kxd8 9. Nc3 Ke8 10. h3 h6 11. b3 a5 12. Bb2 Be6 13. Rad1 Bb4 14. Ne4
Bd5 15. Nfd2 h5 16. Rfe1 Be6 17. g3 a4 18. Kg2 b6 19. g4 Nh6 20. f3 Be7 21. Nf1
axb3 22. axb3 Ra2 23. Rb1 Kd7 24. Ne3 Kc8 25. Ra1 Rxa1 26. Rxa1 Kb7 27. Kg3 Rd8
28. f4 Bd5 29. Kf3 Bc5 30. Nxd5 Rxd5 31. Nxc5+ bxc5 32. Bc3 hxg4+ 33. hxg4 c4
34. bxc4 Rd8 35. f5 Ng8 36. f6 gxf6 37. Rb1+ Kc8 38. exf6 c5 39. g5 Re8 40. Rb5
Kd7 41. Rxc5 Ra8 42. Ra5 Re8 43. Ra7 Kc6 44. Ba5 Rc8 45. Kf4 Kd6 46. Kf5 Kc6
47. Ke5 Re8+ 48. Kd4 Rd8+ 49. Kc3 Rc8 50. Rxc7+ Rxc7 51. Bxc7 Kxc7 52. c5 Kd7
53. Kc4 Kc6 54. Kd4 Kc7 55. Kd5 Kd7 56. c6+ Kc7 57. Kc5 Kc8 58. Kd6 Kd8 59. c7+
Kc8 60. c3 Nxf6 61. gxf6 1-0

[Event "Olomouc 2010 - GM1 Valoz Cup"]
[Site "Olomouc (CZE), Hotel Sigma"]
[Date "2010.08.11"]
[Round "8"]
[White "Kanovsky, David"]
[Black "Dobrowolski, Piotr"]
[Result "1-0"]
[WhiteElo "2492"]
[BlackElo "2397"]
[PlyCount "71"]
[EventDate "2010.08.04"]

1. e4 c5 2. Nf3 d6 3. d4 cxd4 4. Nxd4 Nf6 5. Nc3 a6 6. Bc4 e6 7. Bb3 Nbd7 8.
Bg5 Nc5 9. Qe2 h6 10. Bh4 Be7 11. O-O-O Nfd7 12. Bg3 O-O 13. Kb1 Qc7 14. Rhe1
Ne5 15. f4 Nc6 16. Qh5 Nxd4 17. Rxd4 Nxb3 18. axb3 Qc5 19. Qd1 b5 20. f5 Bf6
21. Rxd6 Bxc3 22. bxc3 Qxc3 23. Rd3 Qf6 24. Bd6 Re8 25. e5 Qxf5 26. Rf1 Qe4 27.
Rd4 Qxg2 28. Rg4 Qh3 29. Rg3 Qh4 30. Qf3 Ra7 31. Rfg1 g6 32. Rh3 Qd4 33. Rg4
Qd2 34. Bb4 Qd5 35. Qf6 Qd1+ 36. Kb2 1-0

[Event "Olomouc 2010 - GM1 Valoz Cup"]
[Site "Olomouc (CZE), Hotel Sigma"]
[Date "2010.08.11"]
[Round "8"]
[White "Tuvshintugs, Batchimeg"]
[Black "Plat, Vojtech"]
[Result "1/2-1/2"]
[WhiteElo "2321"]
[BlackElo "2405"]
[PlyCount "104"]
[EventDate "2010.08.04"]

1. d4 Nf6 2. c4 g6 3. Nc3 d5 4. e3 Bg7 5. Nf3 O-O 6. Be2 c5 7. dxc5 dxc4 8. O-O
Qc7 9. Bxc4 Qxc5 10. Qe2 Nc6 11. h3 Ne5 12. Nxe5 Qxe5 13. e4 Be6 14. Bxe6 Qxe6
15. Bg5 Rac8 16. Rad1 a6 17. Rfe1 h6 18. Bxf6 exf6 19. f4 Rfe8 20. Qf3 Rc4 21.
Kh1 b5 22. b3 Rcc8 23. Nd5 f5 24. e5 Red8 25. Re2 Kh7 26. Red2 Qc6 27. Qf2 Qe6
28. Qf3 Qc6 29. Qe3 Qe6 30. Qe1 g5 31. fxg5 hxg5 32. Nc7 Qe7 33. Rxd8 Rxd8 34.
Rxd8 Qxd8 35. Nxa6 Qd4 36. Nb4 g4 37. Nc6 Qc5 38. e6 Qxc6 39. Qh4+ Bh6 40. exf7
Qc1+ 41. Kh2 Qc7+ 42. Kh1 Qxf7 43. hxg4 fxg4 44. Qxg4 Qe7 45. a4 b4 46. Qd4 Be3
47. Qd3+ Kh6 48. g3 Qe5 49. Kg2 Kg5 50. Qd8+ Kh5 51. Qh4+ Kg6 52. Kf3 Bd4
1/2-1/2

[Event "Olomouc 2010 - GM1 Valoz Cup"]
[Site "Olomouc (CZE), Hotel Sigma"]
[Date "2010.08.11"]
[Round "8"]
[White "Vovk, Yuri"]
[Black "Sharma, Dinesh K"]
[Result "1-0"]
[WhiteElo "2561"]
[BlackElo "2365"]
[PlyCount "103"]
[EventDate "2010.08.04"]

1. e4 e5 2. Nf3 Nc6 3. Bb5 a6 4. Ba4 Nf6 5. O-O Be7 6. Re1 b5 7. Bb3 d6 8. c3
O-O 9. h3 Na5 10. Bc2 c5 11. d4 Qc7 12. Nbd2 cxd4 13. cxd4 Bd7 14. Nf1 Rac8 15.
Ne3 Nc6 16. d5 Nb4 17. Bb1 a5 18. a3 Na6 19. b4 axb4 20. axb4 Qb7 21. Bd2 g6
22. g4 Ne8 23. Kh2 Ng7 24. Rg1 Kh8 25. Ra3 f5 26. gxf5 gxf5 27. exf5 Nc7 28.
Ng5 Bxg5 29. Rxg5 Nce8 30. Qg4 Nf6 31. Qh4 Be8 32. Qh6 Qe7 33. Ng4 Ng8 34.
Qxh7+ Kxh7 35. f6+ Kh8 36. fxe7 Nxe7 37. Ra6 Ngf5 38. Nxe5 dxe5 39. d6 Rf6 40.
dxe7 Rxa6 41. Rxf5 Kg7 42. Rf8 Rc4 43. Rxe8 Kf7 44. Rb8 Kxe7 45. Rxb5 Kd6 46.
Be3 Ra4 47. Bd3 Rc3 48. Be4 Ra2 49. Kg3 Rb2 50. Kg4 Rc4 51. Kf5 Rbxb4 52. Bc5+
1-0

[Event "Olomouc 2010 - GM1 Valoz Cup"]
[Site "Olomouc (CZE), Hotel Sigma"]
[Date "2010.08.12"]
[Round "9"]
[White "Dobrowolski, Piotr"]
[Black "Tuvshintugs, Batchimeg"]
[Result "1/2-1/2"]
[WhiteElo "2397"]
[BlackElo "2321"]
[PlyCount "49"]
[EventDate "2010.08.04"]

1. d4 Nf6 2. c4 e6 3. Nc3 Bb4 4. e3 O-O 5. a3 Bxc3+ 6. bxc3 c5 7. Bd3 Nc6 8.
Ne2 d6 9. O-O b6 10. e4 Ba6 11. f4 Na5 12. f5 Bxc4 13. Bxc4 Nxc4 14. Qd3 b5 15.
Bg5 cxd4 16. cxd4 e5 17. Qh3 Kh8 18. Ng3 d5 19. dxe5 Nxe5 20. Kh1 dxe4 21. Nxe4
Neg4 22. Nxf6 Nxf6 23. Rab1 Qb6 24. Rb4 Kg8 25. Bxf6 1/2-1/2